Información contable y credibilidad (Registro nro. 12262)

Detalles MARC
000 -LEADER
fixed length control field 00351 a2200121 4500
001 - CONTROL NUMBER
control field ART_42147
005 - DATE AND TIME OF LATEST TRANSACTION
control field 20260410161629.0
008 - FIXED-LENGTH DATA ELEMENTS--GENERAL INFORMATION
fixed length control field 260409a
100 1# - MAIN ENTRY--PERSONAL NAME
Personal name Pahlen Acuña, Ricardo Jose María
245 10 - TITLE STATEMENT
Title Información contable y credibilidad
700 1# - ADDED ENTRY--PERSONAL NAME
Personal name Campo, Ana María
773 0# - HOST ITEM ENTRY
Title Enfoques
Related parts - Nº 5 (mayo 2017)
Record control number REV416

No hay ítems disponibles.